| 000 | 01022agaaa2200277 4500 | ||
|---|---|---|---|
| 001 | 6325 | ||
| 003 | IT-RoPAU | ||
| 005 | 20220918181306.0 | ||
| 007 | d cvaizq | ||
| 008 | 50131s9999||||xx ||| | || ||und|| | ||
| 040 |
_aIT-RoPAU _cIT-RoPAU |
||
| 041 | _aFRANCESE | ||
| 100 |
_aGodard Jean-Luc _gCodice regista SPICS: 5975 _954778 |
||
| 130 |
_aHELAS POUR MOI _954779 |
||
| 245 |
_aHELAS POUR MOI _cDiretto da: Godard Jean-Luc _pHELAS POUR MOI (Rif. Codice opera principale : C6325) |
||
| 250 | _aEdizione Standard | ||
| 260 |
_a(FRANCIA) _bALAIN SARDE - VEGA FILM / Distribuzione: POLYGRAM _g"1992 (1° ed.: 1993 ; Ed. Lingua Orig.: 1992)" |
||
| 300 |
_aVHS _bsonoro, col. _c90 minuti |
||
| 511 | _a"Depardieu Gerard; Masliah Laurence" | ||
| 520 | _aDIO. FILM FRANCESE DRAMMATICO A COLORI. | ||
| 538 | _aPAL, STEREO | ||
| 546 | _aFRANCESE | ||
| 650 |
_aDRAMMATICO _eFILMS [VHS] _xCodice MATERIA SPICS: 9960 _934083 |
||
| 700 |
_aGodard Jean-Luc _e(regista) _gCodice regista SPICS: 5975 _954780 |
||
| 942 |
_cVH _2ddc |
||
| 999 |
_c108173 _d108173 |
||